|
|
|
|
| LEADER |
00000nam0a2200000 4500 |
| 001 |
34446 |
| 005 |
20231030225407.0 |
| 035 |
|
|
|a (RuTPU)RU\TPU\book\34840
|
| 035 |
|
|
|a BOOK00001491
|
| 090 |
|
|
|a 34446
|
| 100 |
|
|
|a 20011210d1986 k y0rusy50 ca
|
| 101 |
0 |
|
|a rus
|
| 102 |
|
|
|a RU
|
| 105 |
|
|
|a a z 000zy
|
| 200 |
1 |
|
|a Морская магнитометрия
|f В. М. Гордин, Е. Н. Розе, Б. Д. Углов
|
| 210 |
|
|
|a Москва
|c Недра
|d 1986
|
| 215 |
|
|
|a 231 с.
|
| 610 |
1 |
|
|a магниторазведка
|
| 610 |
1 |
|
|a магнитометрия
|
| 610 |
1 |
|
|a магнитная съемка на море
|
| 610 |
1 |
|
|a информация
|
| 610 |
1 |
|
|a теория
|
| 610 |
1 |
|
|a магнитные поля
|
| 610 |
1 |
|
|a природа
|
| 610 |
1 |
|
|a структура
|
| 610 |
1 |
|
|a измерения
|
| 675 |
|
|
|a 550.38
|v 3
|
| 700 |
|
1 |
|a Гордин
|b В. М.
|g Валерий Михайлович
|
| 701 |
|
1 |
|a Розе
|b Е. Н.
|g Евгений Николаевич
|
| 701 |
|
1 |
|a Углов
|b Б. Д.
|g Борис Дмитриевич
|
| 801 |
|
0 |
|a RU
|b 63413507
|c 20011210
|g PSBO
|
| 801 |
|
2 |
|a RU
|b 63413507
|c 20150122
|g PSBO
|
| 900 |
|
|
|a Магниторазведка
|
| 942 |
|
|
|c BK
|